Профессиональная и внепроизводственная деятельность инженера-педагога: учебное пособие

Bibliografiske detaljer
Hovedforfatter: Зборовский Г. Е. Гарольд Ефимович
Institution som forfatter: Свердловский инженерно-педагогический институт (СИПИ)
Summary:Исключено из фонда НТБ ТПУ
Sprog:russisk
Udgivet: Свердловск, Изд-во СИПИ, 1987
Format: Bog
KOHA link:https://koha.lib.tpu.ru/cgi-bin/koha/opac-detail.pl?biblionumber=256658

MARC

LEADER 00000nam0a2200000 4500
001 256658
005 20231031215617.0
020 |a RU  |b 87-92237 
035 |a (RuTPU)RU\TPU\book\279385 
090 |a 256658 
100 |a 20140410d1987 m a0rusy5003 ca 
101 0 |a rus 
102 |a RU 
105 |a y z 001zy 
200 1 |a Профессиональная и внепроизводственная деятельность инженера-педагога  |e учебное пособие  |f Г. Е. Зборовский  |g Свердловский инженерно-педагогический институт (СИПИ) 
210 |a Свердловск  |c Изд-во СИПИ  |d 1987 
215 |a 42 с. 
333 |a Исключено из фонда НТБ ТПУ 
700 1 |a Зборовский  |b Г. Е.  |g Гарольд Ефимович 
712 0 2 |a Свердловский инженерно-педагогический институт (СИПИ)  |c (1979-1993) 
801 0 |a RU  |b RuMRKP  |c 19950417  |g psbo 
801 1 |a RU  |b 63413507  |c 20140410 
801 2 |a RU  |b 63413507  |c 20220309  |g RCR 
942 |c BK